Controls on international capital movements :
Сохранить в:
| Формат: | |
|---|---|
| Язык: | Undetermined |
| Опубликовано: |
Paris
OECD
1980
|
| Предметы: | |
| Метки: |
Добавить метку
Нет меток, Требуется 1-ая метка записи!
|
| Thư viện lưu trữ: | Trung tâm Học liệu Trường Đại học Cần Thơ |
|---|
| LEADER | 00452nam a2200169Ia 4500 | ||
|---|---|---|---|
| 001 | CTU_83204 | ||
| 008 | 210402s9999 xx 000 0 und d | ||
| 082 | |a 346 | ||
| 082 | |b C764 | ||
| 245 | 0 | |a Controls on international capital movements : | |
| 260 | |a Paris | ||
| 260 | |b OECD | ||
| 260 | |c 1980 | ||
| 650 | |a Capital movements | ||
| 650 | |x Law and legislation | ||
| 904 | |i Qhieu(sửa) | ||
| 980 | |a Trung tâm Học liệu Trường Đại học Cần Thơ | ||